| 000 | 02202cam a22002174a 4500 | ||
|---|---|---|---|
| 005 | 20250605164149.0 | ||
| 008 | 250528s ||||||||||||||||||||||||d | ||
| 035 | _a19300 | ||
| 020 | _a9604021966 | ||
| 040 |
_aGR-AtMCL _bgre _dGR-AtMCL _eAACR2 |
||
| 245 | 1 | _aΘέματα Διδακτικής της Προσχολικής Ηλικίας / Θεωρητικές και Πρακτικές Εφαρμογές: Μια Άλλη Πρόταση | |
| 250 | _a1η | ||
| 260 |
_bΤυπωθήτω, _c2005 |
||
| 300 | _a690 | ||
| 520 | _aΟ παρόν τόμος καλύπτει ένα ευρύ φάσμα των εκπαιδευτικών δραστηριοτήτων της προσχολικής ηλικίας. Πρόλογος, Διαδρομές - Χωροχρονικές Έννοιες, Χρώματα - Σχήματα, Το Σώμα μας, Το Φθινόπωρο (Αέρας - Σπόροι - Βροχή - Τρύγος), Φυσικές Επιστήμες - Διάστημα - Πλανήτες, Χειμώνας - Χριστούγεννα (Απλοί Τρόποι Κατασκευής Αστεριών - Χριστουγεννιάτικων Δέντρων - Ψηφιδωτών), Χώρος - Χρόνος - Ταξινόμηση Γεγονότων στο Χρόνο, Μυθολογία, Απόκριες, Άνοιξη - Οι Άγγελοι της Άνοιξης - Χελιδόνια, 25η Μαρτίου 1821 - Σύμβολα του 1821, Λαϊκή Τέχνη και Παράδοση (Υφαντική - Κέντημα - Ξυλογλυπτική - Διακόσμηση Πιάτων), Αρχαίος Ελληνικός Πολιτισμός, Πάσχα - Βυζαντινή Τέχνη και Παράδοση, Οι Αριθμητικές Έννοιες μέσω Λαϊκής Τέχνης, Μερική Άποψη του Χώρου του Σχολείου και Δημιουργίες Παιδιών - Φωτογραφίες), Έγχρωμες Σελίδες, Βιβλιογραφία - Πηγές. | ||
| 700 | 1 |
_aΓιαννάκη-Μπασέτα Αρχοντία _95534 |
|
| 700 | 1 |
_aΝικολάου Γαλάνης Γιώργος _95535 |
|
| 942 | _cBK | ||
| 999 |
_c4560 _d4560 |
||